Yearbook 1993 annuaire

Guardat en:
Dades bibliogràfiques
Autor corporatiu: Comite Maritime International (Autor)
Format: Llibre
Idioma:anglès
Publicat: Génova CMI headquaters 1984
Matèries:
Etiquetes: Afegir etiqueta
Sense etiquetes, Sigues el primer a etiquetar aquest registre!

MARC

LEADER 00000nam a2200000 a 4500
001 UCI6776
003 CL-VaPUC
008 080523e19840000IT |||||||||||||||||eng|d
082 0 4 |a 340.115  |b COM  |2 21 
110 2 |a Comite Maritime International  |e author  |9 529769 
245 1 0 |a Yearbook 1993 annuaire 
300 |a 267 p 
942 |c BK 
945 |d 20080523 00:00:00  |a jtorresc 
260 |a Génova  |b CMI headquaters  |c 1984 
500 |a Donación Padres Capuchinos 
500 |a Sydney I: Documentos for the conference 
600 0 7 |a COMITE MARITIMO INTERNACIONAL  |2 CL-VaPUC  |9 430875 
650 0 |a Tratados internacionales   |9 256056 
650 0 |a Derecho marítimo  |9 255301 
650 0 |a Anuarios  |9 258977 
583 |a last modification  |c 20131001 01:06:28  |k Rodrigo Vera 
999 |c 330225  |d 330223 
952 |0 0  |1 0  |4 0  |6 340_115000000000000_COM_1984  |7 0  |8 X  |9 415663  |a FDOBUD  |b FDOBUD  |d 2019-11-22  |i 4442822  |o 340.115 COM 1984  |p 4442822  |r 2019-11-22  |w 2019-11-22  |y BK_X  |k BUD